|
|
|
|
| LEADER |
00610cam a2200181 7i4500 |
| 001 |
0000027849 |
| 005 |
20120808090000.0 |
| 020 |
0 |
0 |
|a 9780470879603
|
| 090 |
0 |
0 |
|a B 658.4033
|b SPI
|
| 100 |
1 |
0 |
|a Spira
|
| 245 |
0 |
0 |
|a Overload! how too much information is hazardous to your organization.
|
| 260 |
0 |
0 |
|a Hoboken, New Jersey:
|b John Wiley and Sons,
|c 2011.
|
| 300 |
# |
# |
|a 260 p.
|
| 650 |
0 |
0 |
|a Information resources management
|
| 650 |
0 |
0 |
|a Knowledge management
|
| 650 |
0 |
0 |
|a Information technology --
|x Management
|
| 650 |
0 |
0 |
|a Business communication --
|x Management
|
| 999 |
|
|
|a B000030693
|b Book
|c Book
|e Business Information Centre
|